|
|
|
|
| LEADER |
01921nam a2200433 4500 |
| 001 |
978-981-10-7338-0 |
| 003 |
DE-He213 |
| 005 |
20191024091020.0 |
| 007 |
cr nn 008mamaa |
| 008 |
180420s2018 si | s |||| 0|eng d |
| 020 |
|
|
|a 9789811073380
|9 978-981-10-7338-0
|
| 024 |
7 |
|
|a 10.1007/978-981-10-7338-0
|2 doi
|
| 040 |
|
|
|d GrThAP
|
| 050 |
|
4 |
|a RG1-991
|
| 072 |
|
7 |
|a MJT
|2 bicssc
|
| 072 |
|
7 |
|a MED033000
|2 bisacsh
|
| 072 |
|
7 |
|a MKC
|2 thema
|
| 082 |
0 |
4 |
|a 618.1
|2 23
|
| 245 |
1 |
0 |
|a Recurrent Pregnancy Loss
|h [electronic resource] /
|c edited by Sumita Mehta, Bindiya Gupta.
|
| 250 |
|
|
|a 1st ed. 2018.
|
| 264 |
|
1 |
|a Singapore :
|b Springer Singapore :
|b Imprint: Springer,
|c 2018.
|
| 300 |
|
|
|a XVI, 431 p. 91 illus., 68 illus. in color.
|b online resource.
|
| 336 |
|
|
|a text
|b txt
|2 rdacontent
|
| 337 |
|
|
|a computer
|b c
|2 rdamedia
|
| 338 |
|
|
|a online resource
|b cr
|2 rdacarrier
|
| 347 |
|
|
|a text file
|b PDF
|2 rda
|
| 520 |
|
|
|a This book covers the entire topic extensively, from demographics to recent and future management options. A special section on the role of controversial strategies has also been included. Lastly, the book features dedicated chapters on evidence-based approaches, which include step-by-step algorithms for the reader's convenience.
|
| 650 |
|
0 |
|a Gynecology .
|
| 650 |
1 |
4 |
|a Gynecology.
|0 http://scigraph.springernature.com/things/product-market-codes/H26006
|
| 700 |
1 |
|
|a Mehta, Sumita.
|e editor.
|4 edt
|4 http://id.loc.gov/vocabulary/relators/edt
|
| 700 |
1 |
|
|a Gupta, Bindiya.
|e editor.
|4 edt
|4 http://id.loc.gov/vocabulary/relators/edt
|
| 710 |
2 |
|
|a SpringerLink (Online service)
|
| 773 |
0 |
|
|t Springer eBooks
|
| 776 |
0 |
8 |
|i Printed edition:
|z 9789811073373
|
| 776 |
0 |
8 |
|i Printed edition:
|z 9789811073397
|
| 776 |
0 |
8 |
|i Printed edition:
|z 9789811339400
|
| 856 |
4 |
0 |
|u https://doi.org/10.1007/978-981-10-7338-0
|z Full Text via HEAL-Link
|
| 912 |
|
|
|a ZDB-2-SME
|
| 950 |
|
|
|a Medicine (Springer-11650)
|